000 00704cab a2200229 4500
001 WB3124-13
008 090401t1995 xxu||||| |||| 00| 0 eng d
035 _a(Sirsi) u9271
041 _aeng
245 _aUK Habitats Directive sites
260 _c1995
350 _a0
490 _aDoE News Release
_v(299) 20 June 1995 (6)
520 _aThe Government has submitted to the European Commission a list of 136 candidate SACs. List of sites attached.
650 _aCONSERVATION OF NATURAL HABITATS AND WILD FAUNA AND FLORA DIRECTIVE
650 _aHABITATS DIRECTIVE
650 _aSACS
650 _aSPECIAL AREAS OF CONSERVATION
690 _aCONSERVATION
942 _n0
948 _c04/03/1997
999 _c5762
_d5762